| 000 | 00931cam a22002771 4500 | ||
|---|---|---|---|
| 001 | 24699 | ||
| 003 | BD-RjUL | ||
| 005 | 20211209001103.0 | ||
| 008 | 140315s1966 enk b 001 0 eng d | ||
| 035 | _a(BD-RjUL)24768 | ||
| 035 | _a(OCoLC)512183 | ||
| 040 |
_aDLC _cOMC _dOCoLC _dUk _dDLC _dBD-RjUL _beng |
||
| 041 | _aeng | ||
| 082 | 0 | 0 |
_a942.050924 _bSLP 1966 |
| 100 | 1 |
_aSlavin, Arthur Joseph. _976024 |
|
| 245 | 1 | 0 |
_aPolitics and profit : _ba study of Sir Ralph Sadler, 1507-1547 / _c Arthur Joseph Slavin, |
| 260 |
_aCambridge : _bUniversity Press, _c1966. |
||
| 300 |
_axvi, 237 p. ; _c24 cm. |
||
| 504 | _aBibliography: p. 226-230. and Index | ||
| 600 | 1 | 0 |
_aSadler, Ralph, _cSir, _d1507-1587. _976032 |
| 600 | 0 | 0 |
_aHenry _cKing of England, _d1491-1547 _xContemporaries. _976033 |
| 651 | 0 |
_aGreat Britain _xPolitics and government _y1509-1547. _950273 |
|
| 942 |
_2ddc _cBK |
||
| 999 |
_c24699 _d24699 |
||